000 01070nam2a2200265 4500
001 RU\NLR\bibl\1102235
005 20250615055314.0
010 _a978-5-94356-490-1
_9100
021 _aRU
_b2007-33855
_91799
035 _a(NLR Aleph) 001089322
090 _a1108229
_c1108229
100 _a20070625d2007 |||y0rusy50 ca
101 0 _arus
102 _aRU
105 _ay |||||||||
200 1 _aИсточниковедение
210 _d2007
_aБ. м.
215 _a133 с.
320 _aБиблиогр.: с. 118-133 и в подстроч. прим.
461 0 _1001RU\NLR\bibl\1055379
_12001#$aМетафизика в античности$vЧ. 2
_9828574
_aАфонасин, Е. В.
_cНовосибирск
_d2006
_fЕ.В. Афонасин, А.С. Кузнецова
_nредакционно-издательский центр НГУ
_oучебное пособие : [в 2 ч.]
_tМетафизика в античности
_vЧ. 2
801 0 _aRU
_bNLR
_c20070625
_gRCR
801 1 _aRU
_bNLR
_c20070625
942 _cBOOK
980 _aNB